| 000 | 00592nam a2200229Ia 4500 | ||
|---|---|---|---|
| 003 | OSt | ||
| 005 | 20221006164853.0 | ||
| 006 | a|||||r|||| 00| 0 | ||
| 007 | ta | ||
| 008 | 221006b |||||||| |||| 00| 0 hin d | ||
| 024 | _a4,650 | ||
| 037 | _cTextual | ||
| 040 |
_aFML _cFML _bhin |
||
| 041 |
_2hin _ahin |
||
| 082 | _a(:f), N4 -; 1 | ||
| 100 |
_aJarare Vijay Au. _9678543 |
||
| 245 | 0 | _aShodh Pranali | |
| 260 |
_aJaipur _bA. B. D. Publication India _c1994 |
||
| 300 |
_a284 _ccm. |
||
| 942 |
_h(:f), N4 -; 1 _cTEXL _2CC |
||
| 999 |
_c1118770 _d1118770 |
||